000 00797cam a2200229 a 4500
001 000002374
005 20200929150205.0
008 781228s1976 ve 001 1 spa
040 _aDO-SdBNP
_cDLC
_dDLC
082 _aAr863.44
_bB938h
100 1 _aBullrich, Silvina,
_d1915-
_97548
245 1 0 _aHistoria de un silencio /
_cSilvina Bullrich.
260 _aCaracas :
_bMonte Ávila,
_c1976.
300 _a210 p. ;
_c18 cm.
440 0 _aContinentes
_95341
505 0 _aHistoria de un silencio.--El calor humano.--El lobizon.--Diecinueve cartas.--Lo demas es mentira.--Un hombre con historia.--Honrar padre y madre.
650 4 _aNovela argentina
_93941
650 4 _aLiteratura argentina
_93860
910 _aCatalogación por copia / LC
910 _aJornada de Catalogación
910 _aWM
999 _c2214
_d2214